1990 1826 1863 1373 1950 1437 1462 1090 1488 1386 1163 1444 1833 1800 1598 1435 1808 1028 1024 1035 1299 1954 1984 1123 1897 1510 1732 1001 1559 1644 1013 1745 1340 1492 1175 1339 1001 1235 1335 1457 1869 1292 1921 1165 1095 1637 1888 1930 1155 1593 1951 1806 1224 1938 1400 1792 1362 1869 1377 1762 1843 1581 1780 1959 1934 1266 1484 1837 1113 1268 1169 1783 1144 1813 1685 1995 1973 1259 1086 1688 1770 1904 1025 1963 1514 1654 1290 1213 1086 1957 1601 1300 1526 1326 1777 1632 1969 1801 1276 BCNSPRNW ULIB Ver.6.0+V

เปลี่ยนเป็นภาษาไทย

Change to English
 แสดงรายละเอียดบรรณานุกรม
  กลับหน้าหลัก

Brief Record : Get Marc (ISO 2709) : E-mail record : QR code < ปิดหน้าต่าง
LEADER : 00000nam 2200000uu 4500
001    13399112526
003     ULIB
008    110822s2546||||th 000 0 tha d
020    9746444913
060 04 QV55^bพ971A 2546
245 00 Advanced pharmacotherapeutics /^cโพยม วงศ์ภูวรักษ์,ฉวีวรรณ รัตนจามิตร, ฐิติมา ด้วงเงิน, บรรณาธิการ
260    สงขลา :^bคณะเภสัชศาสตร์ มหาวิทยาลัยสงขลานครินทร์,^c2546
300    [4], 266 หน้า :^bภาพประกอบ ;^c29 ซม.
504    บรรณานุกรม
650  4 การรักษาด้วยยา
650  4 ยา, การออกฤทธิ์ระหว่าง
650  4 การบริบาลทางเภสัชกรรม
700 0  โพยม วงศ์ภูวรักษ์,^eบรรณาธิการ
700 0  ฉวีวรรณ รัตนจามิตร,^eบรรณาธิการ
700 0  ฐิติมา ด้วงเงิน,^eบรรณาธิการ
710 2  มหาวิทยาลัยสงขลานครินทร์. ^bคณะเภสัชศาสตร์
945    ^p280^l0^i13528
945    ^p280^l0^i13529
945    ^p280^l0^i13530
995    กัณชพร
999 ^a ใช้งานได้ทุกระบบ
รายการนี้ยังไม่มีแท็ก
คุณยังไม่ได้ล็อกอิน คุณสามารถมีกิจกรรมร่วมกับเว็บไซต์ได้ แต่ต้องล็อกอินก่อน ::
  ล็อกอิน

รายการสื่อสารสนเทศ

ลำดับที่ ประเภท เลขเรียก/บาร์โค้ด สถานที่ สถานะ
- ไม่พบข้อมูล -

รายการใกล้เคียง
    หัวเรื่อง [การรักษาด้วยยา]
    หัวเรื่อง [การบริบาลทางเภสัชกรรม]

BibComment


ยังไม่เคยถูกคอมเมนท์

คอมเมนท์ทรัพยากรรายการนี้
  คอมเมนท์: Advanced pharmaco..


 Copyright 2026. Bcnsprnw @Library